| 000 | 01755nam0a22003611 4500 | ||
|---|---|---|---|
| 001 | v19\rc\1616656 | ||
| 005 | 20260405071312.0 | ||
| 035 | _a(NLR Aleph) 004837736 | ||
| 090 |
_a4789109 _c4789109 |
||
| 100 | _a20061002d1898 |||y0rusy50 ca | ||
| 101 | 1 |
_arus _ceng |
|
| 102 | _aRU | ||
| 105 | _aa z ||||| | ||
| 200 | 1 |
_aЖизнь и приключения Робинзона Крузо _e[Изд. для нар. и школ. чтения] _fСоч. Даниэля Дефо _gПер. с англ. В.М. _gРед. В.И. Шемякина. Т. 1-2 |
|
| 210 |
_aСанкт-Петербург _cтипо-лит. Р. Голике _d1898 |
||
| 215 |
_a2 т. _cил. _d19 |
||
| 225 | 1 |
_aПриходская библиотека, изд. под редакцией В.И. Шемякина _v№ 65-66 |
|
| 327 | 0 | _aС. I-IV Т. 1: Даниэль Дефо: (Биогр. очерк) / В.М. | |
| 464 | 0 |
_12001#$aДаниэль Дефо$eБиогр. очерк. Т. 1$fВ.М. _1215##$aС. I-IV _1700#0$aВ.М. _tДаниэль Дефо _aВ.М. |
|
| 532 | 1 | 3 | _aЖизнь и приключения Робинзона Крузо |
| 700 | 1 |
_9z01790 _aДефо _bД. _fок. 1660-1731 _gДаниель |
|
| 702 | 0 |
_aВ.М. _4730 |
|
| 702 | 1 |
_4340 _7ca _8rus _aШемякин _bВ. И. _cдеятель народного просвещения _f1840-1916 _gВасилий Иванович _9223235 _3RU\NLR\AUTH\770223291 |
|
| 790 | 1 |
_7ca _8rus _aДефо _bД. _fок.1660-1731 _gДаниель _9912 _3RU\NLR\AUTH\7717827 |
|
| 801 | 0 |
_aRU _bNLR _gpsbo |
|
| 801 | 0 |
_aRU _bRuMoRGB _2psbo |
|
| 801 | 1 |
_aRU _bProSoft-M _2rusmarc |
|
| 852 |
_aNLR _j18.307.2.28(т. 1-2) |
||
| 899 |
_aRuMoRGB _jD 37/191 (№ 65-66) |
||
| 899 | _aБАН | ||
| 942 | _cBOOK | ||
| 980 | _aNB | ||